Où se trouve cette bibliothèque ? - Statistiques

Statistiques générales
  • Ce quiz a été pris 23 fois
  • Le résultat moyen est 9 sur 18
Statistiques - réponses
Par images Hint Réponse % Correct
GB Londres
89%
FR Paris
84%
JP Tokyo
84%
RU St Petersbourg
79%
RU Moscou
74%
IT Florence
68%
US New York
68%
DE Berlin
53%
US Boston
47%
CA Ottawa
47%
US Washington
47%
DE Munich
42%
CN Pékin
32%
CA Québec
26%
UA Kiev
21%
DE Leipzig
11%
US Cambridge
5%
US New Haven
5%
Aucun quiz correspondant
Distribution des résultats
% des personnes avec chaque résultat
Percentile par nombre de réponses
Votre historique - résultats
Vous n’avez pas pris ce quiz